000 00373nam a2200145Ia 4500
008 150201s2013 xx 000 0 und d
082 _a670
_bKOH
100 _aBlack,JT
245 _aMaterials and processes in manufacturing
250 _a11th Ed.
260 _bWilet eastern limited
_aNew Delhi
_c2013
300 _a1004p.
700 _aKohser, Ronald A
942 _2ddc
_cBK
999 _c5613
_d5613